Normal view
MARC view
Entry Nombre personal
001 - NÚMERO DE CONTROL
- campo de control: 1158
003 - IDENTIFICADOR DE NÚMERO DE CONTROL
- campo de control: DLC
005 - FECHA Y HORA DE LA ÚLTIMA TRANSACCIÓN
- campo de control: 20260430155010.0
008 - ELEMENTOS DE DATO DE LONGITUD-FIJA
- campo de control de longitud fija: 800814n| azannaabn |n aaa
010 ## - NÚMERO DE CONTROL DE LA BIBLIOTECA DEL CONGRESO
- Número de control de LC: n 80085357
040 ## - FUENTE DE CATALOGACIÓN
- Centro catalogador/agencia de origen: DLC
- Lengua de catalogación: eng
- Normas de descripción: rda
- Centro/agencia transcriptor: DLC
- Centro/agencia modificador: DLC
046 ## - FECHAS CON CODIFICACIÓN ESPECIAL
- Fecha de nacimiento: 1941-07-01
- Fecha de la muerte: 2015-12-23
- Fuente del esquema de fecha: edtf
100 1# - ENCABEZAMIENTO-NOMBRE DE PERSONA
- Nombre de persona: Gilman, Alfred Goodman,
- Fechas asociadas al nombre: 1941-2015
370 ## - LUGAR ASOCIADO
- Lugar de nacimiento: New Haven (Conn.)
- Lugar de fallecimiento: Dallas (Tex.)
- Fuente del término: naf
372 ## - CAMPO DE ACTIVIDAD
- Campo de actividad: Pharmacology
- Campo de actividad: G proteins
- Fuente del término: lcsh
373 ## - GRUPO ASOCIADO
- Grupo asociado: Cancer Prevention and Research Institute of Texas
- Fuente del término: naf
- Período de inicio: 2009
- Fin de período: 2012
- Fuente de información: New York times WWW site, viewed Dec. 28, 2015
373 ## - GRUPO ASOCIADO
- Grupo asociado: University of Texas Southwestern Medical Center at Dallas
- Fuente del término: naf
- Período de inicio: 1987
- Fin de período: 2009
- Fuente de información: New York times WWW site, viewed Dec. 28, 2015
373 ## - GRUPO ASOCIADO
- Grupo asociado: University of Texas Health Science Center at Dallas
- Fuente del término: naf
- Período de inicio: 1981
- Fin de período: 1987
- Fuente de información: New York times WWW site, viewed Dec. 28, 2015
373 ## - GRUPO ASOCIADO
- Grupo asociado: University of Virginia. School of Medicine
- Fuente del término: naf
374 ## - OCUPACIÓN
- Ocupación: Nobel Prize winners
- Fuente del término: lcsh
- Período de inicio: 1994
374 ## - OCUPACIÓN
- Ocupación: Pharmacologists
- Ocupación: College teachers
- Ocupación: Medical teaching personnel
- Fuente del término: lcsh
375 ## - GÉNERO/SEXO
- Género: male
377 ## - IDIOMA ASOCIADO
- Código del idioma: eng
670 ## - FUENTE DE DATOS ENCONTRADOS
- Cita de la fuente: Goodman and Gilman's The pharmacological basis of therapeutics, c1980 (a.e.)
- Información encontrada: verso of t.p. (Alfred Goodman Gilman, M.D., Ph.D., prof. of pharmacology, Univ. of Va. Sch. of Med., Charlottesville, Va.)
670 ## - FUENTE DE DATOS ENCONTRADOS
- Cita de la fuente: NLM files, 6/27/85
- Información encontrada: (hdg.: Gilman, Alfred Goodman, 1941- )
670 ## - FUENTE DE DATOS ENCONTRADOS
- Cita de la fuente: New York times WWW site, viewed Dec. 28, 2015
- Información encontrada: (in obituary published Dec. 24: Dr. Alfred G. Gilman; b. Alfred Goodman Gilman, July 1, 1941, New Haven; d. Wednesday [Dec. 23, 2015], Dallas, aged 74; pharmacologist whose work on G-proteins, which allow chemical signals to be transmitted to the interior of cells, earned him a shared Nobel Prize in Physiology or Medicine in 1994 and advanced the understanding of cancer, diabetes, and other diseases)